Handbook of electric power calculations /

Bibliographic Details
Corporate Author: NetLibrary, Inc
Other Authors: Beaty, H. Wayne
Format: eBook
Language:English
Published: New York : McGraw-Hill, 2001.
Edition:3rd ed.
Subjects:
Online Access:Connect to the full text of this electronic book

MARC

Tag First Indicator Second Indicator Subfields
LEADER 00000cam a2200000La 4500
001 in00001753630
005 20190325103635.0
006 m u
007 cr cn|
008 010723s2001 nyua sb 001 0 eng d
020 |a 0071378448 (electronic bk.) 
020 |a 9780071378444 (electronic bk.) 
035 |a (OCoLC)ocm48139007 
035 |a (OCoLC)48139007 
040 |a N$T  |c N$T  |d OCLCQ  |d UtOrBLW 
049 |a TXAM 
050 1 4 |a TK1005  |b .H29 2001eb 
082 0 4 |a 621.31  |2 21 
245 0 0 |a Handbook of electric power calculations /  |c H. Wayne Beaty. 
250 |a 3rd ed. 
264 1 |a New York :  |b McGraw-Hill,  |c 2001. 
300 |a ix, 608 pages :  |b illustrations ;  |c 23 cm. 
336 |a text  |b txt  |2 rdacontent 
337 |a computer  |b c  |2 rdamedia 
338 |a online resource  |b cr  |2 rdacarrier 
504 |a Includes bibliographical references and index. 
533 |a Electronic reproduction.  |b Boulder, Colo. :  |c NetLibrary,  |d 2001.  |n Available via World Wide Web.  |n Access may be limited to NetLibrary affiliated libraries.  |n Excludes the content of the material which accompanied the original book. 
500 |a Electronic resource. 
650 0 |a Electric power systems  |x Mathematics  |v Handbooks, manuals, etc. 
650 0 |a Mathematics  |v Formulae  |v Handbooks, manuals, etc. 
655 7 |a Electronic books.  |2 local 
700 1 |a Beaty, H. Wayne. 
710 2 |a NetLibrary, Inc. 
776 1 |c Original  |z 0071362983  |w (DLC) 00063830  |w (OCoLC)44777354 
856 4 0 |u http://proxy.library.tamu.edu/login?url=http://www.netLibrary.com/urlapi.asp?action=summary&v=1&bookid=52089  |z Connect to the full text of this electronic book  |t 0 
994 |a 92  |b TXA 
999 |a MARS 
999 f f |s ffdc0bd4-b1c4-3407-8527-ca8c8b4627ce  |i ee0fe1d0-e3a6-374e-8341-60ba084aab90  |t 0 
952 f f |a Texas A&M University  |b College Station  |c Electronic Resources  |d Available Online  |t 0  |e TK1005 .H29 2001eb  |h Library of Congress classification 
998 f f |a TK1005 .H29 2001eb  |t 0  |l Available Online